Central Library OPAC University of Rajshahi

Palgrave's golden treasury : (Record no. 76710)

MARC details
000 -LEADER
fixed length control field 00910nam a2200265 a 4500
001 - CONTROL NUMBER
control field 76710
003 - CONTROL NUMBER IDENTIFIER
rucl marc code BD-RjUL
005 - DATE AND TIME OF LATEST TRANSACTION
control field 20211209082857.0
008 - FIXED-LENGTH DATA ELEMENTS--GENERAL INFORMATION
fixed length control field 200113r19651906enk 001 0 eng d
035 ## - SYSTEM CONTROL NUMBER
System control number OCLC ocm06577931 from D950901M
System control number (BD-RjUL)76934
040 ## - CATALOGING SOURCE
Original cataloging agency IMC
Transcribing agency IMC
Modifying agency EQO
-- BD-RjUL
Language of cataloging eng
041 ## - LANGUAGE CODE
Language code of text/sound track or separate title eng
082 ## - DEWEY DECIMAL CLASSIFICATION NUMBER
Edition number 23
Classification number 821.08
Author mark and year PAP 1965
100 1# - MAIN ENTRY--PERSONAL NAME
Personal name Palgrave, Francis Turner,
Dates associated with a name 1824-1897.
9 (RLIN) 237466
245 10 - TITLE STATEMENT
Title Palgrave's golden treasury :
Remainder of title with a supplementary book of more modern poetry /
Statement of responsibility, etc. Francis Turner Palgrave
260 ## - PUBLICATION, DISTRIBUTION, ETC. (IMPRINT)
Place of publication, distribution, etc. London ;
-- New York :
Name of publisher, distributor, etc. J. M. Dent ;
-- E. P. Dutton,
Date of publication, distribution, etc. 1906 [reprinted 1965]
300 ## - PHYSICAL DESCRIPTION
Pagination xii, 483 p. ;
Size 19 cm
490 ## - SERIES STATEMENT
Series statement Everyman's library :
Volume/sequential designation 96
500 ## - GENERAL NOTE
General note First issue of this edition, 1906
504 ## - BIBLIOGRAPHY, ETC. NOTE
Bibliography, etc Select bibliography : p. x
650 #0 - SUBJECT ADDED ENTRY--TOPICAL TERM
Topical term or geographic name as entry element English poetry
9 (RLIN) 237467
830 #0 - SERIES ADDED ENTRY--UNIFORM TITLE
Uniform title Everyman's library :
Volume number/sequential designation 96.
942 ## - ADDED ENTRY ELEMENTS (KOHA)
Source of classification or shelving scheme Dewey Decimal Classification
Koha item type Books
Holdings
Lost status Source of classification or shelving scheme Damaged status Not for loan Collection code Permanent Location Current Location Shelving location Date acquired Source of acquisition Cost, normal purchase price Total Checkouts Full call number Date last seen Copy number Koha item type
  Dewey Decimal Classification     Non-fiction Central Library, University of Rajshahi Central Library, University of Rajshahi   19/09/1968 Zeitlinger 11.60   821.08 PAP 1965 13/01/2020 C-2 Books
  Dewey Decimal Classification   Not For Loan Non-fiction Central Library, University of Rajshahi Central Library, University of Rajshahi Reading Room 19/09/1968 Zeitlinger 11.60   821.08 PAP 1965 13/01/2020 C-1 Books
  Dewey Decimal Classification     Non-fiction Central Library, University of Rajshahi Central Library, University of Rajshahi   09/12/2021 Zeitlinger 11.00   821.08 PAP 1965 19/01/2020 C-3 Books